| 000 | 01302nam a2200265Ia 4500 | ||
|---|---|---|---|
| 999 |
_c56155 _d56155 |
||
| 001 | 23256 | ||
| 003 | GE_BSU | ||
| 005 | 20251107210549.0 | ||
| 008 | 181216s1978||||ge |||||||||||||| ||geo|| | ||
| 040 | _cGE_BSU | ||
| 041 | _ageo | ||
| 080 | _a94(44)"1789-1794 ა-66 | ||
| 100 |
_aანთაძე, კოტე _99322 |
||
| 245 |
_aნარკვევი საფრანგეთის დიდი ბურჟუაზიული რევოლუციის ისტორიიდან / _cკოტე ანთაძე ; რედ. მ. ძიმისტარიშვილი. |
||
| 264 |
_aთბილისი : _bგანათლება, _c1978. |
||
| 300 |
_a186 გვ. ; _c22 სმ. |
||
| 500 | _aშენიშვნ. გვ.179-184 | ||
| 520 | _aშენიშვნ. გვ.179-184 | ||
| 541 | _h0,78 | ||
| 653 | _aისტორია | ||
| 653 | _aნარკვევი საფრანგეთის დიდი ბურჟუაზიული რევოლუციის ისტორიიდან. | ||
| 653 | _aსაფრანგეთის ბურჟუაზიული რევოლუცია | ||
| 700 |
_aძიმისტარიშვილი, მ. _eრედაქტორი _926188 |
||
| 942 |
_cBK _2udc |
||